000
00304nam a22001337a 4500
020
_a
978-81-286-2962-4
082
_a
823
_b
BLY/N
100
_a
ENID BLYTON
245
_a
NODDY AT THE SEASIDE
260
_a
MUMBAI
_b
EURO BOOKS
300
_a
60
650
_a
CHILDRENS STORY BOOK
_v
ORIGINAL CLASSICS
942
_c
BK
999
_c
81
_d
81